Thời gian để sống và thời gian để chết

Bewaard in:
Bibliografische gegevens
Hoofdauteur: ERICH MARIA REMARQUE
Formaat: Boek
Taal:Undetermined
Gepubliceerd in: Văn nghệ Tp HCM 2001
Tags: Voeg label toe
Geen labels, Wees de eerste die dit record labelt!
Thư viện lưu trữ: Trung tâm Học liệu Trường Đại học Cần Thơ
LEADER 00458nam a2200145Ia 4500
001 CTU_48691
008 210402s9999 xx 000 0 und d
082 |a 833.91 
082 |b R384t 
100 |a ERICH MARIA REMARQUE 
245 0 |a Thời gian để sống và thời gian để chết 
245 0 |c ERICH MARIA REMARQUE, Lê Phát 
260 |b Văn nghệ Tp HCM 
260 |c 2001 
980 |a Trung tâm Học liệu Trường Đại học Cần Thơ